Fundamentos de gestión empresarial : teoría y práctica desde un enfoque sistémico /
Guardado en:
| Autor Principal: | |
|---|---|
| Otros Autores: | |
| Formato: | Libro |
| Publicado: |
Buenos Aires :
Valletta,
2004
|
| Materias: | |
| Etiquetas: |
Agregar Etiqueta
Sin Etiquetas, Sea el primero en etiquetar este registro!
|
| LEADER | 01116nam a22002175a 4500 | ||
|---|---|---|---|
| 001 | CEM.cems014024 | ||
| 005 | 20130626163747.0 | ||
| 008 | 130507s2004##################000#0#####d | ||
| 003 | CEMS | ||
| 020 | |a 9507432418 | ||
| 082 | 0 | 4 | |a 658.01 |
| 100 | 1 | |a Laborda Castillo, Leopoldo | |
| 245 | 1 | 0 | |a Fundamentos de gestión empresarial : |b teoría y práctica desde un enfoque sistémico / |c Leopoldo Laborda Castillo y Elio Rafael de Zuani |
| 260 | |a Buenos Aires : |b Valletta, |c 2004 | ||
| 300 | |a 367 p. | ||
| 505 | 0 | |a La gestión de la empresa como ciencia -- La empresa como sistema -- El empresario y el directivo -- La creación de empresas -- El sistema físico de operaciones -- El sistema de recursos humanos -- El sistema financiero -- El sistema de gestión -- ecisiones para la creación de empresas -- Decisiones de operaciones -- Decisiones de recursos humanos --Decisiones de gestión -- Decisiones financieras -- | |
| 653 | |a Administración de empresas | ||
| 653 | |a Gestión empresarial | ||
| 653 | |a Economía | ||
| 700 | 1 | |a De Zuani, Elio Rafael | |
| 859 | |a CEMS |b BIB. CEMS - 11 de abril |h 658.01 |i L113 |p 26685.13 |t Ej.1 | ||
